ឈ្វេងយល់អំពី ទឹក ក្នុងអរិយធម៌ខ្មែរ / (Record no. 6726)

MARC details
000 -LEADER
fixed length control field 02528nam a22002417a 4500
001 - CONTROL NUMBER
control field 6726
003 - CONTROL NUMBER IDENTIFIER
control field FISKH
005 - DATE AND TIME OF LATEST TRANSACTION
control field 20250522164947.0
008 - FIXED-LENGTH DATA ELEMENTS--GENERAL INFORMATION
fixed length control field 250522b cb ||||| |||| 00| 0 eng d
020 ## - INTERNATIONAL STANDARD BOOK NUMBER
International Standard Book Number 9789996354908
040 ## - CATALOGING SOURCE
Original cataloging agency FISKH
Language of cataloging khr
Transcribing agency FISKH
Modifying agency FISKH
082 ## - DEWEY DECIMAL CLASSIFICATION NUMBER
Classification number 333.9109596
100 ## - MAIN ENTRY--PERSONAL NAME
Personal name Sokheng, Kong
245 ## - TITLE STATEMENT
Title ឈ្វេងយល់អំពី ទឹក ក្នុងអរិយធម៌ខ្មែរ /
Statement of responsibility, etc. រៀបរៀង និងចងក្រង​ដោយ លោក គង់ សុខហេង
260 ## - PUBLICATION, DISTRIBUTION, ETC.
Place of publication, distribution, etc. ភ្នំពេញ :
Name of publisher, distributor, etc. ពេជ្រ ណែត ,
Date of publication, distribution, etc. 2010.
300 ## - PHYSICAL DESCRIPTION
Extent 302 pages :
Other physical details illustrations ;
Dimensions 21 cm .
520 ## - SUMMARY, ETC.
Summary, etc. សៀវភៅ ឈ្វេងយល់អំពីទឹក ក្នុងអរិយធម៌ខ្មែរ ដែលរៀបរៀងដោយលោក គង់ សុខហេង គឺជាការសិក្សាដែលបង្ហាញពីតួនាទីសំខាន់របស់ទឹកក្នុងបរិបទវប្បធម៌ និងសង្គមខ្មែរ។​សៀវភៅនេះពិចារណាអំពីទឹកមិនត្រឹមតែជាធនធានធម្មជាតិទេ ប៉ុន្តែជាសញ្ញាសំខាន់ក្នុងការបង្ហាញពីទំនាក់ទំនងរវាងមនុស្ស និងធម្មជាតិ។ វាត្រូវបានប្រើប្រាស់ក្នុងពិធីបុណ្យ សាសនាខ្មែរ និងជាផ្នែកមួយនៃការបង្ហាញពីការរស់នៅប្រកបដោយសីលធម៌ និងការទទួលខុសត្រូវต่อបរិស្ថាន។
520 ## - SUMMARY, ETC.
Summary, etc. The book "Understanding Water in Khmer Civilization", compiled by Kong Sokheng, is a study that highlights the vital role of water within the context of Khmer culture and society. This book explores water not merely as a natural resource, but as a significant symbol representing the relationship between humans and nature. It is used in traditional ceremonies, Khmer religious practices, and serves as a key element reflecting a way of life rooted in morality and responsibility toward the environment.
650 ## - SUBJECT ADDED ENTRY--TOPICAL TERM
Topical term or geographic name entry element ទឹក -- ប្រទេសកម្ពុជា -- ការគ្រប់គ្រង
650 ## - SUBJECT ADDED ENTRY--TOPICAL TERM
Topical term or geographic name entry element water-Cambodia-Management
942 ## - ADDED ENTRY ELEMENTS (KOHA)
Source of classification or shelving scheme Dewey Decimal Classification
Koha item type Khmer Books
Suppress in OPAC No
Holdings
Withdrawn status Lost status Source of classification or shelving scheme Damaged status Not for loan Collection Home library Current library Shelving location Date acquired Total Checkouts Full call number Barcode Date last seen Copy number Price effective from Koha item type
    Dewey Decimal Classification     Khmer Language Books / សៀវភៅភាសាខ្មែរ Footprints International School Library Network Toul Tom Poung Campus Footprints International School Library Network Toul Tom Poung Campus TTP Secondary Khmer Bookshelves 05/22/2025   SOK 333.9109596 FIS03855 05/22/2025 1 05/22/2025 Khmer Books
    Dewey Decimal Classification     Khmer Language Books / សៀវភៅភាសាខ្មែរ Footprints International School Library Network Toul Tom Poung Campus Footprints International School Library Network Toul Tom Poung Campus TTP Secondary Khmer Bookshelves 05/22/2025   SOK 333.9109596 FISSE01748 05/22/2025 2 05/22/2025 Khmer Books
    Dewey Decimal Classification     Khmer Language Books / សៀវភៅភាសាខ្មែរ Footprints International School Library Network Toul Tom Poung Campus Footprints International School Library Network Toul Tom Poung Campus TTP Secondary Khmer Bookshelves 05/22/2025   SOK 333.9109596 FISSE01752 05/22/2025 3 05/22/2025 Khmer Books